Fumbling in the future : How xerox invented, then ignored, the first personal computer
Đã lưu trong:
| 主要作者: | |
|---|---|
| 格式: | 图书 |
| 语言: | Undetermined |
| 出版: |
New York
William Morrow and Company, Inc
1988
|
| 主题: | |
| 标签: |
添加标签
没有标签, 成为第一个标记此记录!
|
| Thư viện lưu trữ: | Trung tâm Học liệu Trường Đại học Cần Thơ |
|---|
| LEADER | 00608nam a2200193Ia 4500 | ||
|---|---|---|---|
| 001 | CTU_84026 | ||
| 008 | 210402s9999 xx 000 0 und d | ||
| 082 | |a 338.7 | ||
| 082 | |b S653 | ||
| 100 | |a Smith, Douglas K. | ||
| 245 | 0 | |a Fumbling in the future : | |
| 245 | 0 | |b How xerox invented, then ignored, the first personal computer | |
| 245 | 0 | |c Douglas K. Smith, Robert C. Alexander | |
| 260 | |a New York | ||
| 260 | |b William Morrow and Company, Inc | ||
| 260 | |c 1988 | ||
| 650 | |a Microcomputers,Xerox corporation | ||
| 904 | |i QHieu(sửa) | ||
| 980 | |a Trung tâm Học liệu Trường Đại học Cần Thơ | ||